00859nabaa22001577a 4500003000400000005001700004008004100021040000700062100003400069245014200103300001500245505020900260505009000469650002700559773011500586OSt20260122091203.0190701b xxu||||| |||| 00| 0 spa d cPJ aChávez Moya, Víctor Hugo 10aImpacto del derecho administrativo global en el sistema de fuentes en el derecho administrativo argentino /cVíctor Hugo Chávez Moya. ap. 166-171 aSumario: I. Introducción.— II. El derecho administrativo global.— III. Impacto del derecho administrativo global en el sistema de fuentes en el derecho administrativo argentino.— IV. Conclusiones. t¿Te interesa el texto completo? Comunicate al correo: koha@justierradelfuego.gov.ar  0aDERECHO ADMINISTRATIVO0 02842dBuenos Aires : AbeledoPerrot, 2012-oDA121tDerecho administrativo. Nº 145 enero/febrero 2023z18510590